<?xml version="1.0" encoding="UTF-8"?>
<record
    xmlns:xsi="http://www.w3.org/2001/XMLSchema-instance"
    xsi:schemaLocation="http://www.loc.gov/MARC21/slim http://www.loc.gov/standards/marcxml/schema/MARC21slim.xsd"
    xmlns="http://www.loc.gov/MARC21/slim">

  <leader>02187nam a2200325 i 4500</leader>
  <controlfield tag="001">000045191</controlfield>
  <controlfield tag="003">DO-SdBNP</controlfield>
  <controlfield tag="005">20231213072843.0</controlfield>
  <controlfield tag="007">ta</controlfield>
  <controlfield tag="008">150209s1986    dr a          000 0 spa d</controlfield>
  <datafield tag="040" ind1=" " ind2=" ">
    <subfield code="a">DO-SdBNP</subfield>
    <subfield code="b">spa</subfield>
    <subfield code="c">BNPHU</subfield>
    <subfield code="e">rda</subfield>
  </datafield>
  <datafield tag="082" ind1=" " ind2=" ">
    <subfield code="b">M841s</subfield>
    <subfield code="2">22</subfield>
  </datafield>
  <datafield tag="100" ind1="1" ind2=" ">
    <subfield code="a">Morell, Merilio G.</subfield>
    <subfield code="e">autor</subfield>
    <subfield code="9">21773</subfield>
  </datafield>
  <datafield tag="245" ind1="1" ind2="0">
    <subfield code="a">Situaci&#xF3;n forestal en Rep&#xFA;blica Dominicana /</subfield>
    <subfield code="c">Merilio G. Morell.</subfield>
  </datafield>
  <datafield tag="264" ind1=" " ind2=" ">
    <subfield code="a">Santo Domingo :</subfield>
    <subfield code="b">Progressio, Fundaci&#xF3;n para el Mejoramiento Humano,</subfield>
    <subfield code="c">1986.</subfield>
  </datafield>
  <datafield tag="300" ind1=" " ind2=" ">
    <subfield code="a">ix, 77 paginas :</subfield>
    <subfield code="b">ilustraciones. ;</subfield>
    <subfield code="c">22 cm.</subfield>
  </datafield>
  <datafield tag="336" ind1=" " ind2=" ">
    <subfield code="2">rdacontent</subfield>
    <subfield code="a">texto</subfield>
    <subfield code="b">txt</subfield>
  </datafield>
  <datafield tag="337" ind1=" " ind2=" ">
    <subfield code="2">rdamedia</subfield>
    <subfield code="a">sin mediaci&#xF3;n</subfield>
    <subfield code="b">n</subfield>
  </datafield>
  <datafield tag="338" ind1=" " ind2=" ">
    <subfield code="2">rdacarrier</subfield>
    <subfield code="a">volumen</subfield>
    <subfield code="b">nc</subfield>
  </datafield>
  <datafield tag="490" ind1="1" ind2=" ">
    <subfield code="a">PROGRESSIO</subfield>
    <subfield code="v">1</subfield>
  </datafield>
  <datafield tag="500" ind1=" " ind2=" ">
    <subfield code="a">Documento base de discusi&#xF3;n para la toma de decisiones</subfield>
  </datafield>
  <datafield tag="500" ind1=" " ind2=" ">
    <subfield code="a">Incluye referencias bibliogr&#xE1;ficas y notas al pie de las p&#xE1;ginas.</subfield>
  </datafield>
  <datafield tag="504" ind1=" " ind2=" ">
    <subfield code="a">Bibliograf&#xED;a : p. 75-77</subfield>
  </datafield>
  <datafield tag="505" ind1="0" ind2=" ">
    <subfield code="a">TABLA DE CUADROS --</subfield>
    <subfield code="t">TABLA DE GR&#xC1;FICOS --</subfield>
    <subfield code="t">SIGLAS UTILIZADAS --</subfield>
    <subfield code="t">INTRODUCCI&#xD3;N --</subfield>
    <subfield code="t">PARTICIPACI&#xD3;N ECON&#xD3;MICA DEL SECTOR FORESTAL --</subfield>
    <subfield code="t">Tierras forestales --</subfield>
    <subfield code="t">Energ&#xED;a --</subfield>
    <subfield code="t">Producci&#xF3;n de alimentos --</subfield>
    <subfield code="t">Mercado de madera --</subfield>
    <subfield code="t">Cuencas hidrogr&#xE1;ficas y producci&#xF3;n de agua --</subfield>
    <subfield code="t">Agua para consumo humano e industrial</subfield>
    <subfield code="t">Materiales de construcci&#xF3;n --</subfield>
    <subfield code="t">Control de erosi&#xF3;n --</subfield>
    <subfield code="t">Conclusi&#xF3;n --</subfield>
    <subfield code="t">AN&#xC1;LISIS DE LA POL&#xCD;TICA FORESTAL --</subfield>
    <subfield code="t">Percepci&#xF3;n actual del problema forestal --</subfield>
    <subfield code="t">Metas alcanzadas --</subfield>
    <subfield code="t">Situaci&#xF3;n administrativa --</subfield>
    <subfield code="t">Objetivos generales del sector forestal --</subfield>
    <subfield code="t">Mecanismos de implementaci&#xF3;n --</subfield>
    <subfield code="t">Programas existentes --</subfield>
    <subfield code="t">T&#xF3;picos m&#xE1;s relevantes relacionados con el recurso bosque --</subfield>
    <subfield code="t">Pol&#xED;tica forestal actual --</subfield>
    <subfield code="t">LINEAMIENTOS PARA UNA POL&#xCD;TICA FORESTAL --</subfield>
    <subfield code="t">Elementos esenciales de una Pol&#xED;tica forestal --</subfield>
    <subfield code="t">Plan de acci&#xF3;n --</subfield>
    <subfield code="t">RESUMEN --</subfield>
    <subfield code="t">Participaci&#xF3;n econ&#xF3;mica del sector forestal --</subfield>
    <subfield code="t">An&#xE1;lisis de la pol&#xED;tica forestal --</subfield>
    <subfield code="t">Lineamientos de pol&#xED;tica forestal --</subfield>
    <subfield code="t">BIBLIOGRAF&#xCD;A --</subfield>
    <subfield code="t">TABLA DE CUADROS --</subfield>
    <subfield code="t">TABLA DE GR&#xC1;FICOS.</subfield>
  </datafield>
  <datafield tag="590" ind1=" " ind2=" ">
    <subfield code="a">Inventariado, 2023 / DG</subfield>
  </datafield>
  <datafield tag="650" ind1=" " ind2="4">
    <subfield code="a">Pol&#xED;tica forestal</subfield>
    <subfield code="z">Rep&#xFA;blica Dominicana</subfield>
    <subfield code="9">21775</subfield>
  </datafield>
  <datafield tag="710" ind1="2" ind2="2">
    <subfield code="a">Fundaci&#xF3;n para el Mejoramiento Humano (PROGRESSIO), Republica-Dominicana</subfield>
    <subfield code="9">73208</subfield>
  </datafield>
  <datafield tag="910" ind1=" " ind2=" ">
    <subfield code="a">DG</subfield>
  </datafield>
  <datafield tag="942" ind1=" " ind2=" ">
    <subfield code="2">ddc</subfield>
    <subfield code="c">LBS1</subfield>
  </datafield>
  <datafield tag="952" ind1=" " ind2=" ">
    <subfield code="0">0</subfield>
    <subfield code="1">0</subfield>
    <subfield code="7">1</subfield>
    <subfield code="8">PD</subfield>
    <subfield code="a">PD</subfield>
    <subfield code="b">PD</subfield>
    <subfield code="c">CT</subfield>
    <subfield code="d">2015-02-09</subfield>
    <subfield code="i">LF1</subfield>
    <subfield code="l">0</subfield>
    <subfield code="o">xxxx xxxx</subfield>
    <subfield code="p">45191-10</subfield>
    <subfield code="r">2020-06-25</subfield>
    <subfield code="w">2020-06-25</subfield>
    <subfield code="y">LFPD</subfield>
    <subfield code="Z">No se presta</subfield>
  </datafield>
  <datafield tag="952" ind1=" " ind2=" ">
    <subfield code="0">0</subfield>
    <subfield code="1">0</subfield>
    <subfield code="7">1</subfield>
    <subfield code="8">PD</subfield>
    <subfield code="a">PD</subfield>
    <subfield code="b">PD</subfield>
    <subfield code="c">CT</subfield>
    <subfield code="d">2015-02-10</subfield>
    <subfield code="i">LF1</subfield>
    <subfield code="l">0</subfield>
    <subfield code="o">xxxx xxxx</subfield>
    <subfield code="p">45191-20</subfield>
    <subfield code="r">2020-06-25</subfield>
    <subfield code="t">e. 2</subfield>
    <subfield code="w">2020-06-25</subfield>
    <subfield code="y">LFPD</subfield>
    <subfield code="Z">No se presta</subfield>
  </datafield>
  <datafield tag="952" ind1=" " ind2=" ">
    <subfield code="0">0</subfield>
    <subfield code="1">0</subfield>
    <subfield code="2">ddc</subfield>
    <subfield code="5">6</subfield>
    <subfield code="7">0</subfield>
    <subfield code="8">DS</subfield>
    <subfield code="a">BNPHU</subfield>
    <subfield code="b">BNPHU</subfield>
    <subfield code="c">CT</subfield>
    <subfield code="d">2023-02-02</subfield>
    <subfield code="l">0</subfield>
    <subfield code="o">BNPHU DS M841s</subfield>
    <subfield code="p">2023-0569</subfield>
    <subfield code="r">2023-02-02</subfield>
    <subfield code="t">e.3</subfield>
    <subfield code="w">2023-02-02</subfield>
    <subfield code="y">LBS1</subfield>
  </datafield>
  <datafield tag="952" ind1=" " ind2=" ">
    <subfield code="0">0</subfield>
    <subfield code="1">0</subfield>
    <subfield code="2">ddc</subfield>
    <subfield code="5">6</subfield>
    <subfield code="7">0</subfield>
    <subfield code="8">DS</subfield>
    <subfield code="a">BNPHU</subfield>
    <subfield code="b">BNPHU</subfield>
    <subfield code="c">CT</subfield>
    <subfield code="d">2023-12-13</subfield>
    <subfield code="e">donaci&#xF3;n</subfield>
    <subfield code="l">0</subfield>
    <subfield code="o">BNPHU DS M841s</subfield>
    <subfield code="p">2023-8354</subfield>
    <subfield code="r">2023-12-13</subfield>
    <subfield code="t">e.4</subfield>
    <subfield code="w">2023-12-13</subfield>
    <subfield code="y">LBS1</subfield>
  </datafield>
  <datafield tag="999" ind1=" " ind2=" ">
    <subfield code="c">44680</subfield>
    <subfield code="d">44680</subfield>
  </datafield>
</record>
